000 00897nam a22002177a 4500
999 _c2204
_d2204
003 AR-CdUCM
008 190304b ||||| |||| 00| 0 spa d
040 _aMUNICIPALIDAD PROVINCIAL DEL CUSCO
_cBIBLIOTECA MUNICIPAL DEL CUSCO
082 _a335.40 /
_bL52
100 _aLetts, Ricardo
_97953
245 _aLa izquierda peruana :
_borganizaciones y tendencias /
260 _aLima :
_bMosca azul editores,
_c1981.
300 _a198 páginas ;
_c20 cm.
505 _aContenido: Perú: revolución, insurrección, guerrillas -- La izquierda peruana -- El universo izquierdista -- Forgando la unidad -- Los frentes de defensa del pueblo -- Sobre la actual situación política -- Tesis política ...
650 _aMovimiento social
_97954
650 _aFrente político
_97955
650 _aPolítica peruana
_91676
650 _aPartidos políticos
_91565
942 _2ddc
_cLIBROS
945 _azta